00585nam a2200193 a 450000100060000000300090000600800410001502000150005604000280007108200180009910000350011724501000015225000060025226000510025830000110030965000160032065000280033665000270036417012CO-ViMGA141112s2004 ck r 000 u spa d a9505505766 aCO-ViMGAbspacCO-ViMGA04a371.122 S717p1 aStarico de Accomo, Mabel Nelly10aLos proyectos en el aula , hacia un aprendizaje significativo en una escuela para la diversidad a3 aBuenos Aires (Argentina), cMagisterio, c1999 a159.p.14aAPRENDIZAJE14aINNOVACIONES EDUCATIVAS14aMETODOS DE ENSEÑANZA